Fondy obchodovateľné na burze (ETF) ako investičný inštrument na medzinárodných finančných trhoch bakalárska práca
Enregistré dans:
| Auteur principal: | |
|---|---|
| Collectivité auteur: | |
| Autres auteurs: | |
| Format: | Livre |
| Langue: | slovaque |
| Publié: |
Bratislava
2024
|
| Tags: |
Pas de tags, Soyez le premier à ajouter un tag!
|
MARC
| LEADER | 00000nbm a2200000 4500 | ||
|---|---|---|---|
| 001 | 0302384 | ||
| 005 | 20250801153259.1 | ||
| 041 | 0 | |a slo | |
| 044 | |a SK | ||
| 245 | 1 | 0 | |a Fondy obchodovateľné na burze (ETF) ako investičný inštrument na medzinárodných finančných trhoch |b bakalárska práca |c Samuel Kaučík ; školiteľ: Dagmar Grachová |
| 264 | 1 | |a Bratislava |c 2024 | |
| 300 | |a 53 s. | ||
| 100 | 1 | |a Kaučík, Samuel | |
| 700 | 1 | |a Grachová, Dagmar, 1997- | |
| 710 | 2 | |a Obchodná fakulta EU. Katedra medzinárodného obchodu | |